00396pab a2200121 454500008004000000100002700040245010200067260000900169300000900178362000900187650004600196773003200242180718b1991 xxu||||| |||| 00| 0 eng d aRothgedb, John M., Jr. aThe effects of foreign investment upon political protest and violence in underdeveloped societies c1991 a9-38 aMar. aForeign Investment - Underdeveloped Areas aWestern Political Quarterly